Quilt Your Own Adventure (Record no. 2254)

MARC details
000 -LEADER
fixed length control field 00307nam a22001337a 4500
008 - FIXED-LENGTH DATA ELEMENTS--GENERAL INFORMATION
fixed length control field 250311b |||||||| |||| 00| 0 eng d
020 ## - INTERNATIONAL STANDARD BOOK NUMBER
ISBN 9781950968756
100 ## - MAIN ENTRY--AUTHOR
Author Curye Amanda
245 ## - TITLE STATEMENT
Title Quilt Your Own Adventure
260 ## - PUBLICATION, DISTRIBUTION, ETC. (IMPRINT)
Name of publisher Paige Tate
Date of publication 2023
300 ## - COLLATION
Pagination 172p
942 ## - ADDED ENTRY ELEMENTS (KOHA)
Item type Books
050 ## - LIBRARY OF CONGRESS CALL NUMBER
Classification number TT835
Item number .C37
Holdings
Source of classification or shelving scheme Not for loan Permanent location Current location Date acquired Accession No. Full call number Barcode. Koha item type
Library of Congress Classification   Samuel Ogbemudia Main Library, University of Abuja Samuel Ogbemudia Main Library, University of Abuja 03/11/2025 2024/64077 TT835.C37 2025-0502 Books